000 01056nam a22002415i 4500
001 156390
003 ES-MaACL
005 20250907063116.0
008 040803s1784 xxk |||| | eng d
040 _aCAM
_bspa
_cCAM
100 1 _aJohnson, Samuel,
_d1709-1784
_9137503
245 1 2 _aA dictionary of the english language
_b: in which the words are deduced from their originals and illustrated in their different significations by examples from the best writers : to which are prefixed a history of the language and english grammar /
_cby Samuel Johnson ; in two volumes, vol. \RII\R.
250 _aThe fifth edition.
260 _aLondon :
_bprinted by W. & A. Strahan,
_c1784.
300 _a[1494] p., [2] p. en bl. ;
_cFol. (41 cm)
597 _aSign.: []2, 15A-30Z2, 31A-31-C2, 31D4.
597 _aTexto a dos col.
597 _aLa primera h. en bl.
597 _aPort. a dos tintas.
650 0 4 _aLengua inglesa-
_vDiccionarios.
_914269
852 _aES-MaACL
_jR-74
_z-- Enc. piel con hierros moderna
999 _c156390
_d156390